|
|
|
|
| LEADER |
00000nab a2200000 a 4500 |
| 001 |
vtls009154131 |
| 003 |
SK-MaSNL |
| 005 |
20260303064040.0 |
| 008 |
071029c200703 xo r p 000 00slo |
| 015 |
|
|
|a SNBRB2007/10VKPO
|
| 038 |
|
|
|a SVKPOCL
|
| 040 |
|
|
|a SVKPOCL
|b slo
|c AACR2
|e AACR2
|
| 041 |
|
|
|a slo
|
| 044 |
|
|
|a xo
|c SK
|
| 080 |
|
|
|a 061.3
|2 2001
|
| 080 |
|
|
|a 82:821.162.4:061.7:061.3
|2 2001
|
| 080 |
|
|
|a 821.162.4:061.7:061.3
|2 2001
|
| 100 |
1 |
|
|a Valcerová-Bacigálová, Anna,
|d 1948-
|4 ivr
|4 aut
|9 102530
|
| 245 |
1 |
0 |
|a "Naši" sa nestratia vo svete
|b veľvyslanec Ján Valko počas konferencie o M. Válkovi spomínal na štúdium v Prešove
|c s J. Valkom, veľvyslancom SR v Španielsku sa zhovárala prof. PhDr. Anna Valcerová
|
| 300 |
|
|
|a Fotogr.
|
| 600 |
0 |
7 |
|a Válek, Miroslav,
|d 1927-1991
|2 svkpocl
|9 102196
|
| 610 |
2 |
7 |
|a Universidad Complutense (Madrid, Španielsko)
|2 svkpocl
|9 89613
|
| 610 |
2 |
7 |
|a Klub slovenských spisovateľov (Bratislava, Slovensko)
|2 svkpocl
|9 1062135
|
| 610 |
1 |
7 |
|a Slovensko.
|b Veľvyslanectvo (Španielsko)
|2 svkpocl
|9 107951
|
| 611 |
2 |
7 |
|a Medzinárodná konferencia o slovenskom jazyku a kultúre
|d (2007 :
|c Madrid, Španielsko)
|p Dielo Miroslava Válka
|g konferencia
|2 svkpocl
|9 1062136
|
| 611 |
2 |
7 |
|a Dielo Miroslava Válka
|g konferencia
|d (2007 :
|c Madrid, Španielsko)
|2 svkpocl
|9 1062137
|
| 650 |
0 |
7 |
|a slovenská literatúra
|x konferencie
|z Madrid (Španielsko)
|2 svkpocl
|9 1062138
|
| 700 |
1 |
|
|a Valko, Ján
|4 ive
|4 aut
|9 48707
|
| 773 |
0 |
|
|t Prešovská univerzita
|g Roč. XI, č. 3 (2007), s. 7-8
|
| 852 |
|
|
|a SVKPO
|b KIS3GCP
|
| 958 |
|
|
|a ES
|
| 999 |
|
|
|c 1745517
|d 1747447
|